Metamorfózy startupov na ceste za podnikateľským úspechom

Gespeichert in:
Bibliographische Detailangaben
1. Verfasser: Slávik, Štefan, 1955-
Format: Buchkapitel
Sprache:Slowakisch
Englisch
Schlagworte:
Tags: Tag hinzufügen
Keine Tags, Fügen Sie das erste Tag hinzu!

MARC

LEADER 00000naa$a2200000$$$4500
001 0281001
005 20240502074350.4
041 0 |a slo 
041 0 |a eng 
044 |a SK 
245 1 0 |a Metamorfózy startupov na ceste za podnikateľským úspechom  |c Štefan Slávik 
500 |a abstrakt 
610 2 0 |a start-up 
610 2 0 |a podnikanie 
610 2 0 |a výskum 
610 2 0 |a Slovensko 
100 1 |a Slávik, Štefan, 1955-